000 03734cas a2200829 a 4500
001 11300444
003 OSt
005 20240305130754.0
008 751101d19691994nyu x p s i0 0eng c
010 _a 85645327
016 _a(AMICUS)000000745646
016 7 _a01004423X
_2DE-101
016 7 _a3017-X
_2DE-600
016 7 _a000266610
_2IsJJNL
016 7 _a010489068
_2Uk
022 _a0085-2392
_l0085-2392
035 _a(OCoLC)ocm01754535
037 _bPublishing Division, United Nations, New York, N.Y. 10017
040 _aMUL
_beng
_cMUL
_dCOO
_dPIT
_dAIP
_dDLC
_dHUL
_dNST
_dDLC
_dEYM
_dIUL
_dSYS
_dCGU
_dOCLCQ
_dCRU
_dOCLCQ
_dHEBIS
_dGBVCP
_dUKMGB
_dOCLCQ
_dOCLCF
_dOCLCO
_dNLC
_dOCLCQ
_dGZM
_dJ9U
_dBEDGE
_dTULIB
_dPAU
_dIL4J6
_dOCLCO
_dOCLCQ
_dOCLCO
042 _apcc
043 _ad------
050 0 0 _aHC59
_b.J633
050 1 4 _aHB1
_b.J64
082 0 0 _a338.9/005
_2Part I
210 0 _aJ. dev. plann.
222 0 _aJournal of development planning
245 0 0 _aJournal of development planning /
_cDepartment of Economic and Social Affairs.
_bImplications Of The Single European Act For Non-Member Countries
260 _aNew York :
_bUnited Nations,
_c1992
300 _avolumes :
_billustrations ;
_c23 cm
310 _aIrregular
336 _atext
_btxt
_2rdacontent
337 _aunmediated
_bn
_2rdamedia
338 _avolume
_bnc
_2rdacarrier
362 0 _aNo. 1-
362 1 _aCeased with no. 24, published in 1994.
_zCf. Notice from Blackwell's bk. Services.
500 _aIssues for <1984 -> also have distinctive titles.
515 _aIssued with United Nations publications sales numbers.
550 _aIssued by: Dept. of Economic and Social Affairs, 1969-1977; by: Dept. of Economic and Social Affairs, 1978-
550 _aPublished as part of the work program of the Centre for Development Planning, Projections and Policies.
580 _aIssued also in French as: Journal de la planification et du développement.
588 1 _aNo. 21 (1992).
590 _aSERBIB/SERLOC merged record
648 7 _aSince 1971
_2fast
650 0 _aEconomic history
_y1971-1990
_vStatistics
_vPeriodicals.
650 0 _aEconomic history
_y1990-
_vStatistics
_vPeriodicals.
650 0 _aEconomic development
_vStatistics
_vPeriodicals.
650 7 _aPlanification du développement.
_2eclas
650 7 _aAnnuaires.
_2eclas
650 7 _aEconomic development.
_2fast
_0(OCoLC)fst00901785
650 7 _aEconomic history.
_2fast
_0(OCoLC)fst00901974
650 7 _aEconomic policy.
_2fast
_0(OCoLC)fst00902025
650 7 _aEconomic planning
_xPeriodicals.
_2ltcsh
650 7 _aEconomic history
_y1971-1990
_vPeriodicals.
_2nli
650 7 _aEconomic history
_y1990-
_vPeriodicals.
_2nli
650 7 _aEconomic development
_vPeriodicals.
_2nli
651 0 _aDeveloping countries
_xEconomic policy
_vStatistics.
651 7 _aDeveloping countries.
_2fast
_0(OCoLC)fst01242969
651 7 _aDeveloping countries
_xEconomic policy
_vPeriodicals.
_2nli
655 7 _aPeriodicals.
_2fast
_0(OCoLC)fst01411641
655 7 _aStatistics.
_2fast
_0(OCoLC)fst01423727
655 7 _aPeriodicals.
_2lcgft
710 2 _aUnited Nations.
_bDepartment of International Economic and Social Affairs.
710 2 _aUnited Nations.
_bCentre for Development Planning, Projections, and Policies.
710 2 _aUnited Nations.
_bDepartment of Economic and Social Affairs.
775 1 _tJournal de la planification et du développement
_x0251-3684
776 0 8 _iOnline version:
_tJournal of development planning
_w(OCoLC)794874340
906 _a7
_bcbc
_cserials
_d2
_encip
_f19
_gn-oclcserc
942 _2ddc
_cBK
999 _c4035
_d4035